| 000 | 00456nam a2200121Ia 4500 | ||
|---|---|---|---|
| 008 | 231217s9999 xx 000 0 und d | ||
| 041 | _aEnglish | ||
| 082 | _a001.6424UML RAT;2 | ||
| 100 | _aRational Software | ||
| 245 | 0 | _aDev 475 mastering object oriented analysis and design with UML : course registration requirements documents version 2003-06.00, part # 800-026322-000 (Rational software product training) | |
| 260 |
_c2003 _bRational |
||
| 942 | _cAA | ||
| 999 |
_c179283 _d179283 |
||